000 00607nam a22002297a 4500
003 UA-OsUOA
001 91170
007 ta
008 20121126b un ||||| |||| 00| 0 ukr d
100 _aСочивець І.
090 _a821.161.2
_bС69
942 _cBK
040 _aUA-OsUOA
_bukr
_cUA-OsUOA
_dUA-OsUOA
245 _aСувенір з поклоном
_bгуморески
300 _a168 с.
955 _a3
041 _aukr
080 _a821.161.2
260 _aК.
_bДніпро
_c1968
650 7 _a82 Література. Літературознавство
_2UDC
999 _c377433
_d377433